| 000 | 00690nam a2200205 a 4500 | ||
|---|---|---|---|
| 001 | 000002225 | ||
| 005 | 20200929150156.0 | ||
| 008 | 090701s200u dr 000 0 spa d | ||
| 040 |
_aDO-SdBNP _bspa _cBNPHU |
||
| 082 |
_a418 _bC238p |
||
| 100 | 1 |
_aCapell, Jhossan, _d1973- _97108 |
|
| 245 | 1 | 0 |
_aPensamientos vividos / _cJhossan Capell. |
| 260 |
_a[Santo Domingo] : _bEditora y papelería 23, _c200? |
||
| 300 |
_a313 p. ; _c22 cm. |
||
| 500 | _aIncluye datos biográficos del autor en las solapas | ||
| 590 | _aLa biblioteca posee dos ejemplares autografiados por el autor | ||
| 650 | 4 |
_aEspañol _xPalabras y frases _97109 |
|
| 910 | _aValidado. Control de calidad BNPHU | ||
| 049 | _aBNPD | ||
| 999 |
_c2073 _d2073 |
||